Baby Names: 'B' Girl Names by Decade Quiz Stats

Quiz Updated Apr 14, 2017

Challenge
Share
Tweet
Embed
Score 0/65 Timer 08:00
14 Plays Today
Decade Name % Correct
1960sBeth
77.7%
1970sBeth
77.7%
1910sBetty
76.1%
1920sBetty
76.1%
1930sBetty
76.1%
1940sBetty
76.1%
1950sBetty
76.1%
1920sBarbara
75.5%
1930sBarbara
75.4%
1940sBarbara
75.4%
1950sBarbara
75.4%
1960sBarbara
75.4%
1970sBarbara
75.4%
1940sBrenda
62.2%
1950sBrenda
62.2%
1960sBrenda
62.2%
1970sBrenda
62.2%
1930sBonnie
58.4%
1940sBonnie
58.4%
1950sBonnie
58.4%
1960sBonnie
58.4%
1980sBrittany
57.1%
1990sBrittany
57.1%
1880sBertha
54.8%
1890sBertha
54.8%
1900sBertha
54.8%
1910sBertha
54.8%
1920sBertha
54.8%
1990sBrianna
54.3%
2000sBrianna
54.3%
1880sBelle
54%
1890sBeatrice
53.2%
1900sBeatrice
53.2%
Decade Name % Correct
1910sBeatrice
53.2%
1920sBeatrice
53.2%
1880sBessie
42.7%
1890sBessie
42.7%
1900sBessie
42.7%
1910sBessie
42.7%
1930sBeverly
39.4%
1940sBeverly
39.4%
1950sBeverly
39.4%
1960sBeverly
39.4%
2000sBailey
37.6%
1970sBrandy
36.4%
1980sBrandy
36.4%
1980sBrittney
35%
1990sBrittney
35%
1990sBriana
34.2%
2000sBriana
34.2%
1900sBernice
33.6%
1910sBernice
33.6%
1920sBernice
33.6%
1930sBernice
33.6%
1980sBrooke
33.3%
1990sBrooke
33.3%
2000sBrooke
33.3%
1970sBrandi
25%
1980sBrandi
25%
1880sBlanche
24.3%
1890sBlanche
24.3%
1900sBlanche
24.3%
1880sBeulah
23.4%
1890sBeulah
23.4%
2000sBrooklyn
23.2%

You're not logged in!

Compare scores with friends on all Sporcle quizzes.
Sign Up with Email
OR
Log In

You Might Also Like...

Show Comments

Extras

Top Quizzes Today


Score Distribution

Your Account Isn't Verified!

In order to create a playlist on Sporcle, you need to verify the email address you used during registration. Go to your Sporcle Settings to finish the process.